| 000 | 00560nam a2200169Ia 4500 | ||
|---|---|---|---|
| 999 |
_c11049 _d11049 |
||
| 082 | _aTS.0460 | ||
| 100 | _aSmadhiya, Narendra Kumar | ||
| 245 | 0 | _aBharat mein Rajya Karyapalika ke auopcharik evam vastavik pramukhon ki bhumika tatha sambandho ka alochnatamak anusheelan | |
| 260 |
_c1976 _bVikram University |
||
| 300 | _a195p. + C D - 56 | ||
| 650 | _aINDIA - POLITICS AND GOVERNMENT | ||
| 650 | _aGOVERNORS - INDIA | ||
| 650 | _aCABINET SYSTEM - INDIA | ||
| 650 | _aPRESIDENT - INDIA///GOVERNORS - INDIA | ||
| 710 | _aShukla, Vimla | ||
| 942 |
_cTH _2ddc |
||